Wszystkie drużyny Bundesligi na sezon 2023/24 - Statystyki

Ogólne statystyki
  • Ten quiz został rozwiązany 19 razy
  • Średni wynik to 12 z 18
Statystyki odpowiedzi
Odpowiedź % Poprawnych
Bayern Monachium
100%
Bayer Leverkusen
88%
Borussia Dortmund
81%
Freiburg
75%
RB Lipsk
75%
Union Berlin
75%
Augsburg
69%
Eintracht Frankfurt
69%
Werder Brema
69%
Wolfsburg
69%
Borussia Monchengladbach
63%
Mainz
63%
Hoffenheim
56%
Koln
56%
Bochum
50%
Heidenheim
50%
Stuttgart
50%
Darmstadt
44%
Nie znaleziono quizów pasujących do podanych kryteriów
Rozkład punktacji
Procent ludzi z każdym wynikiem
Percentyl według liczby udzielonych odpowiedzi
Twoja historia wyników
Nie rozwiązałeś tego quizu